| 000 | 00517nam a2200169Ia 4500 | ||
|---|---|---|---|
| 005 | 20250424120227.0 | ||
| 008 | 250424s9999 xx 000 0 und d | ||
| 022 | _a25455907 | ||
| 050 | _aHD 70.B35 .C37/ | ||
| 245 | 0 | _aCard International Journal of Management Studies, Business and Entreprenurship Research | |
| 260 | _aLagos, Nigeria | ||
| 260 | _bCentre for Advanced Research and Development | ||
| 260 | _c2021 | ||
| 300 | _av, :ill. ; 28 cm. | ||
| 650 | _aManagement--Bangladesh--Periodicals. | ||
| 942 | _cSR | ||
| 999 |
_c38111 _d38111 |
||